000 00288nam a22001337a 4500
008 210303b ||||| |||| 00| 0 eng d
020 _a9781932628111
041 _aeng
080 _a311
100 _a55
101 _aSTA
245 _aBeginning Statistics
_cWarren,C
942 _2udc
_cBK
999 _c55703
_d55703